| 000 | 01135nam2a22002411 4500 | ||
|---|---|---|---|
| 001 | rc\374099 | ||
| 005 | 20250621064833.0 | ||
| 035 | _a(NLR Aleph) 005635093 | ||
| 090 |
_a6609848 _c6609848 |
||
| 100 | _a20030307d1989 |||y0rusy50 ca | ||
| 101 | 0 | _arus | |
| 102 | _aRU | ||
| 105 | _aa ||||||||| | ||
| 200 | 1 | _aХрупкое и пластическое разрушение материалов | |
| 210 |
_d1989 _aБ. м. |
||
| 215 |
_a65, [1] с. _cил. |
||
| 320 | _aБиблиогр.: с. 65 (19 назв.) | ||
| 461 | 0 |
_1001rc\374098 _12001#$aЭлементы механики разрушения материалов$eУчеб. пособие$fЛенингр. мех. ин-т им. Д.Ф. Устинова$vЧ. 1 _1700#1$aМакаров$bЕ.Г.$gЕвгений Георгиевич _96609838 _aМакаров, Е.Г. _cЛ. _d1989- _fЛенингр. мех. ин-т им. Д.Ф. Устинова _nЛМИ _oУчеб. пособие _tЭлементы механики разрушения материалов _vЧ. 1 |
|
| 801 | 0 |
_aRU _bNLR _gpsbo |
|
| 801 | 1 |
_aRU _bELAR _2rusmarc |
|
| 852 |
_aNLR _j89-4/18455 |
||
| 942 | _cBOOK | ||
| 980 | _aNB | ||